Flaggen Süd- und Nordamerikas (beliebige Reihenfolge) - Statistiken

Allgemein
  • Dieses Quiz wurde 115 mal gespielt
  • Das Durchschnittsergebnis liegt bei 21 aus 35
Antwortstatistiken
Bildquiz Antwort % Korrekt
Argentinien
97%
Brasilien
85%
Kanada
82%
Chile
79%
Mexiko
79%
Jamaika
77%
Kolumbien
70%
Panama
70%
Peru
70%
Costa Rica
68%
Uruguay
68%
Kuba
67%
Paraguay
67%
Venezuela
67%
Vereinigte Staaten
67%
Bahamas
62%
Dominikanische Republik
60%
Ecuador
60%
Haiti
60%
Honduras
59%
Bolivien
58%
Barbados
56%
El Salvador
52%
Guatemala
51%
Belize
49%
Nicaragua
49%
Suriname
49%
Dominica
47%
St. Lucia
45%
Guyana
41%
Antigua und Barbuda
37%
Trinidad und Tobago
37%
Grenada
36%
St. Kitts und Nevis
29%
St. Vincent und die Grenadinen
23%
Keine übereinstimmenden Quizze gefunden
Verteilung der Resultate
Anzahl Personen mit jedem Resultat
Perzentil nach korrekt beantworteten Fragen
Ihre Resultats-Entwicklung
Sie haben dieses Quiz noch nicht gespielt